Relaciones entre lectura y escritura: una perspectiva cognitiva discursiva. Bases teóricas y antecedentes empíricos.

Uloženo v:
Podrobná bibliografie
Hlavní autor: Parodi Sweis, Giovanni Emmanuel (autor)
Médium: Kniha
Jazyk:španělština
Vydáno: Valparaíso, Chile Universitarias de Valparaíso 2003
Vydání:Segunda edición
Témata:
Tagy: Přidat tag
Žádné tagy, Buďte první, kdo vytvoří štítek k tomuto záznamu!

MARC

LEADER 00000cam a2200000 a 4500
001 UCL0083
003 CL-VaPUC
005 20230314110706.0
008 030612e20030000CL |||||||||||||||||spa|d
999 |c 304111  |d 304109 
020 |a 956170305X 
040 |c Pontificia Universidad Católica de Valparaíso 
082 0 4 |a 418.4 PAR 2003  |2 21 
100 |a Parodi Sweis, Giovanni Emmanuel  |e autor  |9 783477 
245 1 0 |a Relaciones entre lectura y escritura: una perspectiva cognitiva discursiva. Bases teóricas y antecedentes empíricos. 
250 |a Segunda edición 
260 0 3 |a Valparaíso, Chile  |b Universitarias de Valparaíso  |c 2003 
300 |a 225 páginas 
583 |a last modification  |c 20130912 12:17:35  |k Rodrigo Vera 
650 0 |a Lectura  |9 307634 
650 0 |a Comprensión   |9 339377 
650 0 |a Ejercicios de lectura   |9 324248 
650 0 |a Oratoria  |9 307605 
650 0 |a Retórica   |9 266620 
650 0 |a Académicos   |x Pontificia Universidad Católica de Valparaíso (PUCV)  |9 255553 
942 |c BK  |2 ddc 
945 |d 20030612 00:00:00  |a cmena 
952 |0 0  |1 0  |2 ddc  |4 0  |6 418_400000000000000_PAR_2003  |7 0  |8 A  |9 365902  |a FDOPOS  |b FDOPOS  |d 2019-11-21  |i 3912841  |o 418.4 PAR 2003  |p 3912841  |r 2025-01-22  |t 1  |w 2019-11-21  |y BK  |k MLA 
952 |0 0  |1 0  |2 ddc  |4 0  |6 418_400000000000000_PAR_2003  |7 0  |8 A  |9 365903  |a FDOPOS  |b FDOPOS  |d 2019-11-21  |i 391285K  |o 418.4 PAR 2003  |p 391285K  |r 2025-01-22  |t 2  |w 2019-11-21  |y BK  |k MLA 
952 |0 0  |1 0  |2 ddc  |4 0  |6 418_400000000000000_PAR_2003  |7 0  |8 A  |9 365904  |a FDOPOS  |b BIBEDU  |d 2019-11-21  |i 3922766  |l 2  |o 418.4 PAR 2003  |p 3922766  |r 2025-01-22  |s 2024-08-29  |t 3  |w 2019-11-21  |y BK  |k MLA 
952 |0 0  |1 0  |2 ddc  |4 0  |6 418_400000000000000_PAR_2003  |7 0  |8 A  |9 365905  |a FDOPOS  |b FDOPOS  |d 2019-11-21  |i 3922774  |o 418.4 PAR 2003  |p 3922774  |r 2025-01-22  |t 4  |w 2019-11-21  |y BK  |k MLA 
952 |0 0  |1 0  |2 ddc  |4 0  |6 418_400000000000000_PAR_2003  |7 0  |8 A  |9 365906  |a BIBEDU  |b BIBEDU  |d 2019-11-21  |i 3958485  |o 418.4 PAR 2003  |p 3958485  |r 2019-11-21  |t 5  |w 2019-11-21  |y BK  |k LIT 
952 |0 0  |1 0  |2 ddc  |4 0  |6 418_400000000000000_PAR_2003  |7 0  |8 A  |9 365907  |a BIBEDU  |b BIBEDU  |d 2019-11-21  |i 3958493  |o 418.4 PAR 2003  |p 3958493  |r 2019-11-21  |t 6  |w 2019-11-21  |y BK  |k LIT 
952 |0 0  |1 0  |2 ddc  |4 0  |6 418_400000000000000_PAR_2003  |7 0  |8 A  |9 365908  |a BIBEDU  |b BIBEDU  |d 2019-11-21  |i 3958507  |o 418.4 PAR 2003  |p 3958507  |r 2019-11-21  |t 7  |w 2019-11-21  |y BK  |k LIT 
952 |0 0  |1 0  |2 ddc  |4 0  |6 418_400000000000000_PAR_2003  |7 0  |8 A  |9 365909  |a BIBEDU  |b BIBEDU  |d 2019-11-21  |i 4061543  |o 418.4 PAR 2003  |p 4061543  |r 2019-11-21  |t 8  |w 2019-11-21  |y BK  |k LIT 
952 |0 0  |1 0  |2 ddc  |4 0  |6 418_400000000000000_PAR_2003  |7 0  |8 A  |9 365910  |a BIBEDU  |b BIBEDU  |d 2019-11-21  |i 4061551  |l 1  |o 418.4 PAR 2003  |p 4061551  |r 2022-04-06  |s 2022-03-29  |t 9  |w 2019-11-21  |y BK  |k LIT 
952 |0 0  |1 0  |2 ddc  |4 0  |6 418_400000000000000_PAR_2003  |7 0  |8 A  |9 365911  |a BIBEDU  |b BIBEDU  |d 2019-11-21  |i 406156K  |l 1  |o 418.4 PAR 2003  |p 406156K  |r 2022-04-01  |s 2022-03-29  |t 10  |w 2019-11-21  |y BK  |k LIT 
952 |0 0  |1 0  |2 ddc  |4 0  |6 418_400000000000000_PAR_2003  |7 0  |8 A  |9 365912  |a BIBEDU  |b BIBEDU  |d 2019-11-21  |i 4061578  |o 418.4 PAR 2003  |p 4061578  |r 2019-11-21  |t 11  |w 2019-11-21  |y BK  |k LIT 
952 |0 0  |1 0  |2 ddc  |4 0  |6 418_400000000000000_PAR_2003  |7 0  |8 A  |9 365913  |a BIBEDU  |b BIBEDU  |d 2019-11-21  |i 4061594  |o 418.4 PAR 2003  |p 4061594  |r 2019-11-21  |t 12  |w 2019-11-21  |y BK  |k LIT 
952 |0 0  |1 0  |2 ddc  |4 0  |6 418_400000000000000_PAR_2003  |7 0  |8 A  |9 365914  |a FDOPOS  |b FDOPOS  |d 2019-11-21  |i 414306K  |o 418.4 PAR 2003  |p 414306K  |r 2019-11-21  |t 13  |w 2019-11-21  |y BK  |k MLA 
952 |0 0  |1 0  |2 ddc  |4 0  |6 418_400000000000000_PAR_2003  |7 0  |8 A  |9 365915  |a BIBCUR  |b BIBCUR  |d 2019-11-21  |i 4151097  |o 418.4 PAR 2003  |p 4151097  |r 2025-04-22  |t 14  |w 2019-11-21  |y BK  |k MGC 
952 |0 0  |1 0  |2 ddc  |4 0  |6 418_400000000000000_PAR_2003  |7 0  |8 A  |9 365916  |a FDOPOS  |b FDOPOS  |d 2019-11-21  |i 4316509  |o 418.4 PAR 2003  |p 4316509  |r 2025-01-22  |t 15  |w 2019-11-21  |y BK  |k MLA 
952 |0 0  |1 0  |2 ddc  |4 0  |6 418_400000000000000_PAR_2003  |7 0  |8 A  |9 365917  |a BIBEDU  |b BIBEDU  |d 2019-11-21  |i 4459423  |l 1  |o 418.4 PAR 2003  |p 4459423  |r 2022-04-04  |s 2022-03-28  |t 16  |w 2019-11-21  |y BK  |k EBA 
952 |0 0  |1 0  |2 ddc  |4 0  |6 418_400000000000000_PAR_2003  |7 0  |8 A  |9 365918  |a BIBEDU  |b BIBEDU  |d 2019-11-21  |i 4459431  |l 1  |m 3  |o 418.4 PAR 2003  |p 4459431  |r 2023-09-22  |s 2023-08-17  |t 17  |w 2019-11-21  |y BK  |k EBA 
952 |0 0  |1 0  |2 ddc  |4 0  |6 418_400000000000000_PAR_2003  |7 0  |8 X  |9 365919  |a FDOBUD  |b FDOBUD  |d 2019-11-21  |i 4557719  |o 418.4 PAR 2003  |p 4557719  |r 2019-11-21  |t 18  |w 2019-11-21  |y BK_X  |k FHP